[Event "21st ch-EUR Indiv 2021"]
[Site "Reykjavik ISL"]
[Date "2021.08.26"]
[Round "1.6"]
[White "Sousa, Andre Ventura"]
[Black "Grandelius, Nils"]
[Result "0-1"]
[WhiteTitle "IM"]
[BlackTitle "GM"]
[WhiteElo "2405"]
[BlackElo "2666"]
[WhiteFideId "1917617"]
[BlackFideId "1710400"]
[EventDate "2021.08.26"]

1. e4 c5 2. Nf3 d6 3. Bb5+ Nd7 4. a4 Nf6 5. Nc3 g6 6. a5 Bg7 7. O-O O-O 8. d3 a6
9. Bc4 b5 10. axb6 Nxb6 11. Ba2 Bb7 12. Qd2 e6 13. Qf4 d5 14. Re1 Nh5 15. Qg4 d4
16. Nb1 e5 17. Na3 Bc8 18. Qg5 Qd6 19. Nd2 Be6 20. Ndc4 Nxc4 21. Nxc4 Qc7 22.
Qd2 Rfb8 23. Qa5 Qa7 24. Nd6 Qd7 25. Bxe6 Qxe6 26. Nc4 Bf8 27. Qc7 f6 28. Rf1
Rb5 29. f4 Ng7 30. Na3 Ne8 31. Nxb5 axb5 32. Rxa8 Nxc7 33. Rb8 Na6 34. Ra8 Qc6
35. Rd8 Qb6 36. Rc8 Qb7 37. Rd8 Qc7 38. Ra8 Nb8 39. fxe5 Qb7 40. Rxb8 Qxb8 41.
exf6 Kf7 42. Bf4 Qa8 0-1

[Event "21st ch-EUR Indiv 2021"]
[Site "Reykjavik ISL"]
[Date "2021.08.26"]
[Round "1.23"]
[White "Fridman, Daniel"]
[Black "Humburg, Philipp"]
[Result "1-0"]
[WhiteTitle "GM"]
[WhiteElo "2621"]
[BlackElo "2245"]
[WhiteFideId "11600454"]
[BlackFideId "24656151"]
[EventDate "2021.08.26"]

1. d4 d5 2. c4 c6 3. Nf3 Nf6 4. g3 e6 5. Bg2 Nbd7 6. O-O dxc4 7. a4 e5 8. dxe5
Ng4 9. Bf4 Qa5 10. Qd4 Nc5 11. Qxc4 Be6 12. Qc3 Qxc3 13. Nxc3 Rd8 14. h3 Nh6 15.
g4 Be7 16. Rad1 O-O 17. g5 Rxd1 18. Rxd1 Bb3 19. Rd2 Ne6 20. gxh6 Nxf4 21. Rd7
Bc5 22. hxg7 Kxg7 23. Rxb7 Bc4 24. e3 Ba6 25. Rc7 Ne6 26. Rd7 Rb8 27. Ne4 Rxb2
28. Nxc5 Nxc5 29. Rxa7 Kg6 30. Nd4 Rb1+ 31. Kh2 Rb2 32. Kg3 h5 33. h4 Bc4 34.
Rc7 Rb6 35. Nxc6 Kg7 36. Ne7 1-0

[Event "21st ch-EUR Indiv 2021"]
[Site "Reykjavik ISL"]
[Date "2021.08.26"]
[Round "1.30"]
[White "Gueci, Tea"]
[Black "Antipov, Mikhail Al."]
[Result "0-1"]
[WhiteTitle "WIM"]
[BlackTitle "GM"]
[WhiteElo "2188"]
[BlackElo "2607"]
[WhiteFideId "872342"]
[BlackFideId "4107012"]
[EventDate "2021.08.26"]

1. e4 c5 2. Nf3 d6 3. Bb5+ Nd7 4. c3 Nf6 5. Qe2 a6 6. Ba4 b5 7. Bc2 Bb7 8. O-O
e6 9. d4 Be7 10. Re1 O-O 11. Nbd2 Qc7 12. Nf1 Rac8 13. Bd3 e5 14. dxe5 dxe5 15.
Ng3 c4 16. Bc2 Nc5 17. Bg5 g6 18. Rad1 Ne6 19. Bh6 Rfe8 20. h3 Bc5 21. Nh2 Nf4
22. Qf3 Rcd8 23. Bg5 Be7 24. Bxf6 Bxf6 25. Ne2 Nxe2+ 26. Qxe2 Bg5 27. Ng4 Qc5
28. b4 cxb3 29. Bxb3 Kg7 30. Rd3 Rxd3 31. Qxd3 Rd8 32. Qg3 f6 33. Nh2 Bf4 34.
Qh4 Qxc3 35. Nf3 h5 36. Be6 Bxe4 0-1

[Event "21st ch-EUR Indiv 2021"]
[Site "Reykjavik ISL"]
[Date "2021.08.26"]
[Round "1.47"]
[White "Sanal, Vahap"]
[Black "Johannsson, Birkir Isak"]
[Result "1-0"]
[WhiteTitle "GM"]
[WhiteElo "2557"]
[BlackElo "2052"]
[WhiteFideId "6300545"]
[BlackFideId "2314673"]
[EventDate "2021.08.26"]

1. Nf3 d5 2. g3 g6 3. Bg2 Bg7 4. O-O e5 5. d3 Ne7 6. Nc3 O-O 7. e4 d4 8. Ne2 c5
9. Nd2 Nbc6 10. f4 f6 11. Nf3 Be6 12. c3 Kh8 13. c4 Qd7 14. Bd2 a6 15. Qc1 Rae8
16. fxe5 fxe5 17. a3 a5 18. Kh1 Qd6 19. Qc2 h6 20. Neg1 Qd7 21. Qa4 Rb8 22. Rae1
Kh7 23. Rf2 b6 24. Ref1 Kg8 25. Qc2 Rbe8 26. h4 Nc8 27. Qc1 Kh7 28. Kh2 Nd6 29.
Bh3 Nd8 30. b4 axb4 31. axb4 Bxh3 32. Nxh3 Ne6 33. Kg2 Ra8 34. b5 Ra7 35. Nh2
Rxf2+ 36. Rxf2 Qe7 37. Qf1 Ra2 38. Kh1 Qa7 39. Ng1 Ra1 40. Qh3 Qe7 41. Nf3 Nf7
42. h5 gxh5 43. Qxh5 Kg8 44. Nh4 Neg5 45. Nf5 Qe6 46. Kg2 Ra3 47. Nh3 Nxh3 48.
Qxh3 Kh7 49. Qg4 Bh8 50. Qf3 Ra2 51. Qh5 Bg7 52. g4 Kg8 53. Nxg7 1-0

[Event "21st ch-EUR Indiv 2021"]
[Site "Reykjavik ISL"]
[Date "2021.08.26"]
[Round "1.48"]
[White "Butenandt, Svenja"]
[Black "Bjerre, Jonas Buhl"]
[Result "0-1"]
[BlackTitle "GM"]
[WhiteElo "2036"]
[BlackElo "2550"]
[WhiteFideId "12993859"]
[BlackFideId "1444948"]
[EventDate "2021.08.26"]

1. d4 Nf6 2. c4 e6 3. Nc3 Bb4 4. e3 O-O 5. Ne2 Re8 6. a3 Bf8 7. e4 d5 8. e5 Nfd7
9. cxd5 exd5 10. f4 c5 11. Be3 g5 12. Nxd5 cxd4 13. Bxd4 Nc6 14. fxg5 Bg7 15.
Bc3 Ndxe5 16. Ndf4 Qxg5 17. Kf2 Ng4+ 0-1

[Event "21st ch-EUR Indiv 2021"]
[Site "Reykjavik ISL"]
[Date "2021.08.26"]
[Round "1.55"]
[White "Plat, Vojtech"]
[Black "Moller, Agnar T"]
[Result "1-0"]
[WhiteTitle "GM"]
[WhiteElo "2531"]
[BlackElo "1932"]
[WhiteFideId "325740"]
[BlackFideId "2303469"]
[EventDate "2021.08.26"]

1. d4 Nf6 2. c4 e6 3. g3 d5 4. Bg2 Bb4+ 5. Nd2 O-O 6. Qc2 b6 7. Nf3 Bb7 8. O-O
Nbd7 9. a3 Bxd2 10. Bxd2 dxc4 11. Qxc4 c5 12. Rfd1 Rc8 13. dxc5 Nxc5 14. Bg5 Qe7
15. Qf4 Nce4 16. Bh4 Qc5 17. g4 Rfd8 18. Rxd8+ Rxd8 19. Rc1 Qd6 20. Ne5 Rf8 21.
Bxf6 gxf6 22. Nd3 Qxf4 23. Nxf4 f5 24. gxf5 exf5 25. Rc7 1-0

[Event "21st ch-EUR Indiv 2021"]
[Site "Reykjavik ISL"]
[Date "2021.08.26"]
[Round "1.70"]
[White "Patt, Zafrir"]
[Black "Maurizzi, Marc Andria"]
[Result "0-1"]
[BlackTitle "IM"]
[WhiteElo "1677"]
[BlackElo "2488"]
[WhiteFideId "2840170"]
[BlackFideId "36083534"]
[EventDate "2021.08.26"]

1. e4 c5 2. Nf3 e6 3. d4 cxd4 4. Nxd4 Nc6 5. Nc3 Nf6 6. Bf4 Bb4 7. Nb5 O-O 8.
Bd6 Bxd6 9. Qxd6 a6 10. Nd4 Ne7 11. Bd3 b5 12. O-O Bb7 13. Rae1 Rc8 14. Qg3 d6
15. Re3 e5 16. Nde2 b4 17. Na4 Ng6 18. f4 Nh5 19. Qg4 Nhxf4 20. Nxf4 Nxf4 21.
Rg3 g6 22. b3 d5 23. exd5 Qxd5 24. Kh1 Qd4 25. Bc4 Nxg2 26. Qxd4 Ne3+ 27. Qd5
Bxd5+ 28. Bxd5 Nxf1 29. Rd3 Rxc2 30. Kg1 0-1

[Event "21st ch-EUR Indiv 2021"]
[Site "Reykjavik ISL"]
[Date "2021.08.27"]
[Round "2.71"]
[White "Thorisson, Benedikt"]
[Black "Lorscheid, Gerhard"]
[Result "0-1"]
[BlackTitle "FM"]
[WhiteElo "1624"]
[BlackElo "2202"]
[WhiteFideId "2314576"]
[BlackFideId "4606000"]
[EventDate "2021.08.26"]

1. e4 d6 2. d4 Nf6 3. Nc3 e5 4. dxe5 dxe5 5. Qxd8+ Kxd8 6. Nf3 Bd6 7. Bg5 Nd7 8.
O-O-O a6 9. Nd5 Ke8 10. Nxf6+ gxf6 11. Be3 Nc5 12. Nd2 Be6 13. f3 b5 14. Nb3 Nb7
15. g3 Ke7 16. f4 Bg4 17. Rd2 c5 18. Kb1 c4 19. Nc1 Rad8 20. Bg2 Bc5 21. Bxc5+
Nxc5 22. Rd5 Rxd5 23. exd5 e4 24. h3 Bc8 25. Ne2 Kd6 26. Nc3 f5 27. a3 Rg8 28.
g4 h5 29. g5 h4 30. Bf1 Nd7 31. Rg1 Nf8 32. Be2 Ng6 33. Rf1 Rh8 34. Kc1 Bb7 35.
Kd2 Bxd5 36. Nxd5 Kxd5 37. Ke3 Ne7 38. Rd1+ Ke6 39. Rf1 Rd8 40. Bh5 f6 41. a4
Nd5+ 42. Ke2 Rh8 43. axb5 axb5 44. Ra1 Nxf4+ 45. Ke3 Nxh5 0-1

[Event "21st ch-EUR Indiv 2021"]
[Site "Reykjavik ISL"]
[Date "2021.08.28"]
[Round "3.80"]
[White "Kjartansson, Matthias Bjorgvin"]
[Black "Heidarsson, Arnar Milutin"]
[Result "0-1"]
[WhiteElo "1389"]
[BlackElo "1916"]
[WhiteFideId "2319225"]
[BlackFideId "2312875"]
[EventDate "2021.08.26"]

1. d4 Nf6 2. c4 e6 3. Nc3 Bb4 4. Qc2 d6 5. Bg5 Nbd7 6. e3 O-O 7. Bd3 h6 8. Bh4
Qe8 9. Ne2 b6 10. O-O Bxc3 11. Nxc3 Bb7 12. e4 e5 13. Nb5 Qc8 14. dxe5 dxe5 15.
Rfe1 Nh5 16. Be2 Nf4 17. Bg4 h5 18. Bxd7 Qxd7 19. Rad1 Qg4 20. Bg3 a6 21. Nxc7
Rac8 22. Nd5 Bxd5 23. exd5 Rxc4 24. Qb3 Rb4 25. Qc3 Ne2+ 26. Rxe2 Qxe2 27. Re1
Qxb2 28. Qc7 Rd4 29. d6 Qd2 0-1

[Event "21st ch-EUR Indiv 2021"]
[Site "Reykjavik ISL"]
[Date "2021.08.28"]
[Round "3.82"]
[White "Briem, Gudrun Fanney"]
[Black "Briem, Benedikt"]
[Result "0-1"]
[WhiteElo "1240"]
[BlackElo "1858"]
[WhiteFideId "2317486"]
[BlackFideId "2315432"]
[EventDate "2021.08.26"]

1. d4 Nf6 2. c4 e6 3. Nc3 Bb4 4. Bg5 c5 5. e3 Qa5 6. Ne2 Ne4 7. Bf4 Nxc3 8. Nxc3
Bxc3+ 9. bxc3 Qxc3+ 10. Ke2 Qxc4+ 11. Qd3 Qxd3+ 12. Kxd3 cxd4 13. Kxd4 Nc6+ 14.
Kc3 e5 15. Bg3 d5 16. Bb5 f6 17. Rhd1 Be6 18. Rac1 Ke7 19. Kb2 Rhc8 20. f3 a6
21. Ba4 Na5 22. Bb3 Rxc1 23. Rxc1 Kd6 24. f4 Rc8 25. Rxc8 Bxc8 26. Kc3 Nc6 27.
fxe5+ fxe5 28. Bc2 g6 29. h3 Kc5 30. e4 d4+ 31. Kd3 Be6 32. a3 Bc4+ 33. Kd2 b5
34. Bd3 a5 35. Be1 b4 36. axb4+ Nxb4 37. Bb1 a4 38. Bg3 a3 39. Bxe5 a2 40. Bxa2
Nxa2 41. Bf6 Nc3 42. e5 Ne4+ 43. Ke1 d3 44. e6 d2+ 45. Kd1 Bb3+ 46. Ke2 d1=Q+
47. Ke3 Qd2+ 48. Kf3 Qf2+ 49. Kg4 Qg3# 0-1

[Event "21st ch-EUR Indiv 2021"]
[Site "Reykjavik ISL"]
[Date "2021.08.29"]
[Round "4.34"]
[White "Subelj, Jan"]
[Black "Kulaots, Kaido"]
[Result "1/2-1/2"]
[WhiteTitle "IM"]
[BlackTitle "GM"]
[WhiteElo "2412"]
[BlackElo "2548"]
[WhiteFideId "14618583"]
[BlackFideId "4500261"]
[EventDate "2021.08.26"]

1. e4 c5 2. Nf3 d6 3. Bb5+ Nd7 4. O-O Nf6 5. Re1 a6 6. Bd3 b5 7. c4 Rb8 8. Nc3
b4 9. Nd5 Ng4 10. Bc2 Nge5 11. Ba4 e6 12. d4 Nxf3+ 13. Qxf3 cxd4 14. Qg4 Qa5 15.
Qg5 Qd8 16. Qg4 Qa5 17. Bg5 h6 18. Qf5 Qc5 19. Bh4 g5 20. Bxg5 hxg5 21. Qxg5 Rh6
22. e5 Rg6 23. Qh4 dxe5 24. Rxe5 Qxc4 25. Rae1 Rb5 26. Bxb5 axb5 27. Rh5 Bb7 28.
b3 Qc6 29. Qxd4 Kd8 30. Qh4+ f6 31. Qe4 Rg5 32. Nxf6 Rxg2+ 33. Kf1 Nxf6 34. Qxc6
Bxc6 35. Rh8 Ke7 36. Rxf8 Kxf8 37. Rxe6 Ng4 38. Rxc6 Rxf2+ 39. Ke1 Rxa2 40. Re6
Rb2 41. Re4 Nxh2 42. Rxb4 Nf3+ 43. Kd1 Nd2 44. Rxb5 Nxb3 45. Rb7 Ke8 46. Rh7 Nd4
47. Kc1 Rf2 48. Kd1 Nf5 49. Ra7 Ne7 50. Rc7 Kf7 51. Rc2 Rf5 52. Ke1 Ke6 53. Re2+
Kd6 54. Rf2 Rh5 55. Kd2 Nd5 56. Rf8 Kc5 57. Rc8+ Kd4 58. Rd8 Rh2+ 59. Kd1 Ke4
60. Kc1 Nb4 61. Re8+ Kd3 62. Rd8+ Kc3 63. Rc8+ Kb3 64. Kd1 Nc2 65. Rc7 Ne3+ 66.
Ke1 Nc4 67. Rc8 Kc3 68. Rc7 Rc2 69. Rc8 Kd4 70. Rd8+ Ke4 71. Re8+ Ne5 72. Kd1
Ra2 73. Ke1 Kd4 74. Kf1 Nf3 75. Re4+ Kd5 76. Re2 Ra8 77. Re3 Nd2+ 78. Kg2 Ne4
79. Rf3 Ra2+ 80. Kg1 Kd4 81. Rf8 Ke3 82. Re8 Ra6 83. Rg8 Nf6 84. Rg3+ Kf4 85.
Rb3 Ng4 86. Kf1 Re6 87. Ra3 Ne3+ 88. Kf2 Re4 89. Rb3 Ng4+ 90. Kf1 Ne3+ 91. Kf2
Ng4+ 92. Kf1 1/2-1/2

[Event "21st ch-EUR Indiv 2021"]
[Site "Reykjavik ISL"]
[Date "2021.08.29"]
[Round "4.55"]
[White "Papidakis, Georgios"]
[Black "Samadov, Read"]
[Result "1/2-1/2"]
[BlackTitle "FM"]
[WhiteElo "2228"]
[BlackElo "2360"]
[WhiteFideId "4295099"]
[BlackFideId "13417444"]
[EventDate "2021.08.26"]

1. e4 c5 2. Nf3 d6 3. Bb5+ Nd7 4. a4 Nf6 5. Nc3 e6 6. d4 cxd4 7. Qxd4 Be7 8. Bg5
a6 9. Bxd7+ Qxd7 10. Rd1 Qc7 11. O-O Bd7 12. Bf4 e5 13. Nxe5 dxe5 14. Bxe5 Qc6
15. Nd5 Nxd5 16. exd5 Qxa4 17. Qe3 O-O 18. Bxg7 Rfc8 19. Bd4 f6 20. Qg3+ Kh8 21.
Qh4 Kg8 22. Rd3 Bf5 23. Rg3+ Bg6 24. d6 Bd8 25. Qg4 f5 26. Qd1 Qd7 27. Bc3 Rc6
28. Qd5+ Kf8 29. Rf3 Rxd6 30. Bb4 Be7 31. Bxd6 Qxd6 32. Qxb7 Rb8 33. Qa7 Rxb2
34. Rd3 Qb6 35. Qa8+ Kf7 36. Qc8 Qc5 37. Qxa6 Rxc2 38. Qb7 Kf6 39. h4 Qc6 40.
Qb8 Kf7 41. Rf3 Bxh4 42. Re1 Kg7 43. Qa7+ Qc7 44. Qd4+ Bf6 45. Qd5 Rc5 46. Qe6
Rc6 47. Qd5 Rd6 48. Qb5 Qb6 49. Rxf5 Bxf5 50. Qxf5 Qc7 51. Qg4+ Kf8 52. Qb4 Kg7
53. Qg4+ Kf8 54. Qb4 Kf7 55. Qe4 Kg8 56. Qg4+ Bg7 57. Qh5 Qc4 58. Qe8+ Bf8 59.
g3 Rf6 60. Qe5 Qf7 61. Qg5+ Bg7 62. Re2 h6 63. Qe3 Qb7 64. Qe4 Qb3 65. Qa8+ Kh7
66. Qe4+ Kh8 67. Qc2 Qb5 68. Qe4 Qb3 69. Qc2 Qf3 70. Qe4 Qc3 71. Qc2 Qa1+ 72.
Kg2 Rf8 73. Qg6 Qd4 74. Qc2 Qd5+ 75. Qe4 Qf7 76. Qe3 Qf6 77. Qe4 Qb6 78. Rd2 Bc3
79. Rc2 Qf6 80. Re2 Bd4 81. f4 Qb6 82. Qe6 Qb7+ 83. Qe4 Qg7 84. Qe7 Rf7 85. Qe8+
Kh7 86. Qe4+ Kg8 87. Qe8+ Rf8 88. Qe6+ Kh8 89. Qe7 Bf6 90. Qxg7+ Kxg7 91. Kf3
Kg6 92. Rd2 Ra8 93. Rd3 Ra2 94. Kg4 Rf2 95. Rd5 Rf1 96. Ra5 Rh1 97. Rb5 Rh2 98.
Ra5 h5+ 99. Kf3 Rb2 100. Rd5 Rc2 101. Ra5 Bd4 102. Ke4 Bf2 103. Ra6+ Kg7 104.
Ra5 Kg6 105. Ra6+ Kf7 106. Ra5 Bxg3 107. Rxh5 Rc4+ 108. Kf3 Be1 109. Rh7+ Kg6
110. Re7 Bd2 111. Re4 Rc1 112. Rd4 Rc2 113. Rd6+ Kf5 114. Rd5+ Ke6 115. Re5+ Kf6
116. Rd5 Bb4 117. Kg4 Rg2+ 118. Kf3 Rg1 119. Rd4 Bc5 120. Rd5 Bf8 121. Ra5 Bd6
122. Ra4 Rf1+ 123. Kg4 Rg1+ 124. Kf3 Rc1 125. Kg4 Ke6 126. Re4+ Kd5 127. Ra4
Rg1+ 128. Kf5 Rg8 129. Ra5+ Kd4 130. Ra4+ Ke3 131. Ke6 Bxf4 132. Rb4 Kf3 133.
Ra4 Rg5 134. Rb4 Kg4 135. Ra4 Re5+ 136. Kf6 Rd5 137. Ra6 Rh5 138. Re6 Rg5 139.
Re4 Rd5 140. Re6 Bg5+ 141. Kg6 Rf5 142. Re4+ Bf4 143. Ra4 Rd5 144. Ra6 Rh5 145.
Ra4 Rh6+ 146. Kg7 Rd6 147. Ra5 Kf3 148. Ra4 Be3 149. Kf7 Bc5 150. Rc4 Rc6 151.
Ke8 Re6+ 152. Kd7 Re5 153. Ra4 Ke2 154. Kc6 Kd3 155. Ra1 Bb4 156. Rh1 Bc3 157.
Kd6 Rf5 158. Ke6 Re5+ 159. Kd6 Kc4 160. Rc1 Rf5 161. Rc2 Rf6+ 162. Ke7 Rg6 163.
Kf7 Rc6 164. Rc1 Kd5 165. Rd1+ Bd4 166. Re1 Rf6+ 167. Kg8 Be5 168. Rb1 Rg6+ 169.
Kh7 Rg7+ 170. Kh6 Ke6 171. Rf1 Bf6 172. Kh5 Rg5+ 173. Kh6 Kf7 174. Rf2 Ra5 175.
Rf1 Ra4 176. Rf5 Rb4 177. Ra5 Rb8 178. Kh5 Rb4 179. Kh6 Rg4 180. Ra7+ Be7 181.
Ra5 1/2-1/2

[Event "21st ch-EUR Indiv 2021"]
[Site "Reykjavik ISL"]
[Date "2021.08.30"]
[Round "5.48"]
[White "Milikow, Yoav"]
[Black "Sebenik, Matej"]
[Result "0-1"]
[WhiteTitle "FM"]
[BlackTitle "GM"]
[WhiteElo "2287"]
[BlackElo "2492"]
[WhiteFideId "2822237"]
[BlackFideId "14602296"]
[EventDate "2021.08.26"]

1. d4 d5 2. c4 c6 3. Nf3 Nf6 4. g3 Bg4 5. Ne5 Bf5 6. cxd5 cxd5 7. Nc3 Nc6 8. f3
Rc8 9. Bf4 h5 10. e3 a6 11. Qb3 Na5 12. Qa4+ Bd7 13. Nxd7 Nxd7 14. Nxd5 b5 15.
Bxb5 axb5 16. Qxb5 e6 17. Nc3 Be7 18. h4 Nc4 19. Ne4 Qb6 20. Qxb6 Ndxb6 21. b3
Na3 22. O-O Nd5 23. Nd6+ Bxd6 24. Bxd6 Nc2 25. Rac1 Kd7 26. Bc5 Ndxe3 27. Rf2
Nxd4 28. Rd2 e5 29. Kf2 Nf5 30. b4 Ke6 31. Re1 Kf6 32. f4 Ne6 33. Rxe5 Rhd8 34.
Rc2 Nxc5 35. bxc5 Rc6 36. Rb2 Ra8 37. Rd2 g6 38. Rb2 Ra5 39. Rc2 Ra3 40. Rd2 Rc3
41. Rdd5 Rc2+ 42. Re2 R2xc5 0-1

[Event "21st ch-EUR Indiv 2021"]
[Site "Reykjavik ISL"]
[Date "2021.08.30"]
[Round "5.72"]
[White "Butenandt, Svenja"]
[Black "Hjaltason, Elvar Orn"]
[Result "1-0"]
[WhiteElo "2036"]
[BlackElo "1702"]
[WhiteFideId "12993859"]
[BlackFideId "2315084"]
[EventDate "2021.08.26"]

1. d4 Nf6 2. c4 e6 3. Nc3 Bb4 4. e3 O-O 5. Ne2 b6 6. a3 Bxc3+ 7. Nxc3 Bb7 8. Bd3
d6 9. e4 e5 10. d5 Nbd7 11. b4 a5 12. Rb1 axb4 13. axb4 Qe7 14. g4 g6 15. Bh6
Rfb8 16. h4 Kh8 17. h5 Ng8 18. Be3 g5 19. O-O f6 20. Qc2 Qd8 21. Na4 Ba6 22. Nc3
Kg7 23. Ra1 Ne7 24. Ne2 h6 25. Nc1 Bb7 26. Nb3 Ba6 27. Ra2 Bb7 28. c5 Rxa2 29.
Qxa2 Ra8 30. Qc2 bxc5 31. bxc5 Ba6 32. Rc1 Bxd3 33. Qxd3 Rb8 34. Qc3 Kf7 35. Na5
Rb5 36. Nc6 Qe8 37. Na7 Rb8 38. cxd6 cxd6 39. Qc7 Qd8 40. Qxd6 Rb6 41. Bxb6 Qxb6
42. Qxd7 1-0

[Event "21st ch-EUR Indiv 2021"]
[Site "Reykjavik ISL"]
[Date "2021.08.31"]
[Round "6.4"]
[White "Sarana, Alexey"]
[Black "Demchenko, Anton"]
[Result "0-1"]
[WhiteTitle "GM"]
[BlackTitle "GM"]
[WhiteElo "2643"]
[BlackElo "2597"]
[WhiteFideId "24133795"]
[BlackFideId "4160258"]
[EventDate "2021.08.26"]

1. d4 d5 2. Nf3 Nf6 3. c4 dxc4 4. e3 Bg4 5. Bxc4 e6 6. Nc3 c5 7. Qa4+ Nbd7 8.
Ne5 cxd4 9. exd4 a6 10. Nxg4 Nxg4 11. Be2 Nf6 12. Bf3 Qb6 13. O-O Bd6 14. Ne4
Nxe4 15. Bxe4 Qd8 16. Bxb7 Bxh2+ 17. Kxh2 Qc7+ 18. Bf4 Qxb7 19. Bd6 Qd5 20. Ba3
f6 21. Rac1 Kf7 22. Rc7 Rhd8 23. Rfc1 Kg8 24. Qb4 Nf8 25. Qe7 Qh5+ 26. Kg1 Qg6
27. Ra7 Rac8 28. Rac7 Rb8 29. Qc5 h5 30. Qc4 Qg4 31. Qxa6 Ng6 32. Qd3 Nf4 33.
Qe3 Qxg2# 0-1

[Event "21st ch-EUR Indiv 2021"]
[Site "Reykjavik ISL"]
[Date "2021.08.31"]
[Round "6.22"]
[White "Druska, Juraj"]
[Black "Deac, Bogdan-Daniel"]
[Result "0-1"]
[WhiteTitle "IM"]
[BlackTitle "GM"]
[WhiteElo "2493"]
[BlackElo "2639"]
[WhiteFideId "14915650"]
[BlackFideId "1226380"]
[EventDate "2021.08.26"]

1. e4 c5 2. Nf3 d6 3. Bb5+ Nd7 4. a4 Nf6 5. Nc3 g6 6. a5 Bg7 7. O-O O-O 8. Re1
a6 9. Bf1 Ng4 10. d4 cxd4 11. Nxd4 Nge5 12. Be3 Nc6 13. Nd5 Nxa5 14. Nxe7+ Qxe7
15. Rxa5 Qxe4 16. Bd3 Qe8 17. Bg5 Ne5 18. f4 Nxd3 19. Rxe8 Bxd4+ 20. Kf1 Rxe8
21. Qxd3 Bxb2 22. f5 Bxf5 23. Rxf5 gxf5 24. c3 Re6 25. h4 Rae8 26. h5 Re1+ 27.
Kf2 R1e4 28. Bd2 Ba3 29. Qg3+ Rg4 30. Qf3 Bc5+ 31. Kf1 Ra4 32. Qd1 Rh4 0-1

[Event "21st ch-EUR Indiv 2021"]
[Site "Reykjavik ISL"]
[Date "2021.08.31"]
[Round "6.74"]
[White "Ingason, Sigurdur"]
[Black "Ptacnikova, Lenka"]
[Result "0-1"]
[BlackTitle "WGM"]
[WhiteElo "1805"]
[BlackElo "2109"]
[WhiteFideId "2301709"]
[BlackFideId "305650"]
[EventDate "2021.08.26"]

1. d4 Nf6 2. c4 e6 3. Nc3 Bb4 4. e3 O-O 5. Ne2 d5 6. a3 Be7 7. cxd5 exd5 8. Nf4
c6 9. Bd3 Nbd7 10. O-O Bd6 11. Qf3 Re8 12. Bd2 Nf8 13. Nh5 Ne4 14. Bxe4 dxe4 15.
Nxe4 Bxh2+ 16. Kxh2 Qh4+ 17. Kg1 Rxe4 18. Ng3 Rg4 19. Ne2 Be6 20. Nc3 Rd8 21. g3
Rg6 22. Qe4 Qh5 23. Qh1 Bh3 24. Rfd1 Ne6 25. Ne2 Ng5 26. f4 Qxe2 27. fxg5 Bg4
28. Qh4 Bf3 29. Qh3 Rxg5 0-1

[Event "21st ch-EUR Indiv 2021"]
[Site "Reykjavik ISL"]
[Date "2021.08.31"]
[Round "6.82"]
[White "Thorisson, Benedikt"]
[Black "Hreinsson, Johann Helgi"]
[Result "1/2-1/2"]
[WhiteElo "1624"]
[BlackElo "1195"]
[WhiteFideId "2314576"]
[BlackFideId "2317540"]
[EventDate "2021.08.26"]

1. e4 e6 2. d4 d5 3. Nd2 c5 4. Ngf3 Nc6 5. exd5 exd5 6. dxc5 Bxc5 7. Nb3 Bb6 8.
Bb5 Ne7 9. O-O O-O 10. Bg5 h6 11. Bh4 Be6 12. Re1 Re8 13. Nbd4 Nxd4 14. Nxd4 Bd7
15. Nf5 Bc5 16. Nxe7+ Bxe7 17. Bxe7 Rxe7 18. Qxd5 Rxe1+ 19. Rxe1 Bxb5 20. Qxb5
Rb8 21. h3 Qc7 22. Qe5 Qc8 23. Re3 Qd8 24. Rd3 Qc8 25. Rg3 g6 26. h4 Qe8 27.
Qxe8+ Rxe8 28. Rc3 Kg7 29. Kf1 Re7 30. f3 Kf6 31. Kf2 g5 32. Rc4 Kg6 33. Rd4 Re6
34. c4 Rb6 35. b3 Ra6 36. a4 Rb6 37. Rd3 gxh4 38. c5 Ra6 39. Rd4 Kg5 40. Rg4+
Kh5 41. Rd4 Kg5 42. Rd7 Ra5 43. Rxb7 Rxc5 44. Rxa7 f5 45. a5 Kf4 46. a6 Rc2+ 47.
Kg1 Kg3 48. Rg7+ Kf4 49. a7 Ra2 50. b4 h3 51. gxh3 Kxf3 52. h4 Ra1+ 53. Kh2 Ra2+
54. Kh3 f4 55. b5 Ra1 56. Kh2 Ra2+ 57. Kg1 Ra1+ 58. Kh2 Ra2+ 59. Kh3 Ra1 1/2-1/2

[Event "21st ch-EUR Indiv 2021"]
[Site "Reykjavik ISL"]
[Date "2021.08.31"]
[Round "6.84"]
[White "Omarsson, Adam"]
[Black "Hallmundarson, Birkir"]
[Result "1-0"]
[WhiteElo "1546"]
[BlackElo "1095"]
[WhiteFideId "2311453"]
[BlackFideId "2319446"]
[EventDate "2021.08.26"]

1. d4 Nf6 2. c4 e6 3. Nc3 d5 4. cxd5 exd5 5. Bg5 Bb4 6. e3 O-O 7. Bd3 h6 8. Bh4
c5 9. Ne2 c4 10. Bc2 Nc6 11. O-O Be7 12. a3 a6 13. b4 Ng4 14. Bxe7 Qxe7 15. Nf4
Nf6 16. Ncxd5 Nxd5 17. Nxd5 Qg5 18. Nb6 Bg4 19. Qd2 Bf3 20. g3 c3 21. Qd3 f5 22.
Bd1 Be4 23. Qc4+ Kh8 24. f4 Qd8 25. Nxa8 b5 26. Qxc3 Qxa8 27. Bf3 Rc8 28. Bxe4
fxe4 29. Rac1 Ne7 30. Qb3 Nf5 31. Qe6 Rxc1 32. Rxc1 Nd6 33. Qxd6 Qb7 34. Rc7 Qb8
35. Qd7 Qf8 36. Rc8 1-0

[Event "21st ch-EUR Indiv 2021"]
[Site "Reykjavik ISL"]
[Date "2021.09.01"]
[Round "7.4"]
[White "Navara, David"]
[Black "Bjerre, Jonas Buhl"]
[Result "1-0"]
[WhiteTitle "GM"]
[BlackTitle "GM"]
[WhiteElo "2675"]
[BlackElo "2550"]
[WhiteFideId "309095"]
[BlackFideId "1444948"]
[EventDate "2021.08.26"]

1. c4 c5 2. Nf3 Nc6 3. Nc3 Nf6 4. d4 cxd4 5. Nxd4 e6 6. g3 Qb6 7. Nb3 Ne5 8. e4
Bb4 9. Qe2 d6 10. Bd2 a5 11. O-O-O a4 12. Na1 Bc5 13. f3 Bd7 14. g4 O-O 15. g5
Ne8 16. Nc2 Nc7 17. f4 Nc6 18. Be3 a3 19. b3 Nb4 20. Bxc5 Qxc5 21. Qd2 Ra6 22.
Qd4 Rd8 23. e5 Qxd4 24. Rxd4 dxe5 25. Rxd7 Nxa2+ 26. Nxa2 Rxd7 27. c5 Rc6 28. b4
exf4 29. Nc3 a2 30. Kb2 Rd2 31. Bc4 Nd5 32. Nxd5 exd5 33. Bxa2 Re6 34. Kc3 Rf2
35. Bxd5 Re7 36. Ra1 g6 37. Ra7 f3 38. Rxb7 Rxb7 39. Bxb7 Rf1 40. c6 Re1 41. c7 1-0

[Event "21st ch-EUR Indiv 2021"]
[Site "Reykjavik ISL"]
[Date "2021.09.01"]
[Round "7.5"]
[White "Nisipeanu, Liviu-Dieter"]
[Black "Nagy, Gabor1"]
[Result "1/2-1/2"]
[WhiteTitle "GM"]
[BlackTitle "GM"]
[WhiteElo "2671"]
[BlackElo "2518"]
[WhiteFideId "1202758"]
[BlackFideId "737119"]
[EventDate "2021.08.26"]

1. d4 Nf6 2. Nc3 d5 3. Bf4 a6 4. e3 c5 5. dxc5 Nc6 6. a3 e5 7. Bg5 Be6 8. b4 Be7
9. Nf3 O-O 10. Be2 Qc7 11. Na4 Rad8 12. Bxf6 Bxf6 13. O-O g6 14. Nb6 h6 15. Rb1
Bg7 16. Nd2 e4 17. c4 d4 18. Nd5 Qe5 19. f4 Qb8 20. Nxe4 dxe3 21. Nd6 Nd4 22. f5
Nxf5 23. Rxf5 gxf5 24. Qd3 1/2-1/2